| 000 | 00446cam a2200181ua 4500 | ||
|---|---|---|---|
| 001 | 3843 | ||
| 008 | 111222n ii |||gr||||Z||||||asm | ||
| 040 | _cMAIN | ||
| 082 | _a780 | ||
| 100 |
_aPathak, Jogendra Nath, _eAuthor. |
||
| 245 | 1 | 1 |
_aKamrupi lokageet _cby Jogendra Nath Pathak |
| 250 | _a3rd. | ||
| 260 |
_aGuwahati: _bDuttabaruah & co.,977. |
||
| 300 | _a29p:5cm. | ||
| 653 | _aAssamese song | ||
| 653 | _aKamrupi lokageet | ||
| 942 | _cBK | ||
| 999 |
_c3667 _d3667 |
||